[Event "Bagneux"]
[Site "Bagneux"]
[Date "1998.??.??"]
[Round "1"]
[White "Sinkovics, Peter"]
[Black "Sellos, Didier"]
[Result "1-0"]
[WhiteElo "2365"]
[BlackElo "2405"]

1.d4 Nf6 2.Nf3 g6 3.c4 Bg7 4.Nc3 O-O 5.e4 d6 6.Be2 Nbd7 7.O-O e5 8.Be3 h6
9.dxe5 dxe5 10.Nd2 c6 11.c5 Qe7 12.b4 Rd8 13.Nc4 Nf8 14.Qc1 Kh7 15.Qa3 Be6
16.Nd6 a6 17.Rad1 Ng4 18.Bc1 h5 19.f3 Nh6 20.Na4 f6 21.Nb6 Rab8 22.Be3 Nf7
23.Bc4 Bh6 24.Bf2 Bxc4 25.Nbxc4 Ne6 26.Qb3 Kg7 27.Nxf7 Qxf7 28.Rd6 Rxd6 29.cxd6 Nf8
30.Bb6 Nd7 31.Bc7 Ra8 32.Rd1 Qe8 33.Na5 Ra7 34.Rd3 Bg5 35.Qc2 Qe6 36.Qf2 Ra8
37.Rd1 f5 38.exf5 gxf5 39.Nxb7 Qc4 40.Nc5 Nxc5 41.bxc5 e4 42.d7 Qa4 43.Qb2+ Kf7
44.Qb3+ Qxb3 45.axb3 Bd8 46.Bxd8 Rxd8 47.fxe4 fxe4 48.Rd6 Ke7 49.Kf2 Rf8+
50.Ke3 Kd8 51.Rxc6 Kxd7 52.Rxa6 Rg8 53.g3 h4 54.gxh4 Rh8 55.Kxe4 Rxh4+ 56.Kd5 Rxh2
57.Ra7+ Kc8 58.b4 Rh1 59.Rg7 Kb8 60.Kc6 Rh6+ 61.Kb5 Rf6 62.c6 Rf4 63.Kc5 Rh4
64.b5 Rh5+ 65.Kb6 Rh8 66.Rb7+  1-0

[Event "Bagneux"]
[Site "Bagneux"]
[Date "1998.??.??"]
[Round "5"]
[White "Sinkovics, Peter"]
[Black "Le Quang, Kim"]
[Result "1/2-1/2"]
[WhiteElo "2365"]
[BlackElo "2265"]

1.d4 Nf6 2.Nf3 g6 3.c4 Bg7 4.Nc3 d6 5.e4 O-O 6.Be2 e5 7.O-O Na6 8.Be3 Ng4
9.Bg5 Qe8 10.h3 h6 11.Bh4 Nf6 12.dxe5 dxe5 13.Nd2 c6 14.Rb1 Nc5 15.b4 Ne6
16.c5 Nf4 17.Nc4 Be6 18.Re1 Rd8 19.Nd6 Qd7 20.Bf1 g5 21.Bg3 Ne8 22.Nf5 Bxf5
23.exf5 Qc8 24.Qc2 Nc7 25.b5 Rd4 26.b6 axb6 27.cxb6 Ne8 28.f3 Nd6 29.Bf2 Nxf5
30.Bxd4 exd4 31.Ne4 Rd8 32.Nf2 Ne3 33.Qb3 Qf5 34.Bd3 Qd7 35.g4 Qd6 36.Kh1 Nxd3
37.Qxd3 Qf4 38.Qe2 Qg3 39.Rg1 Qd6 40.Rb3 c5 41.Ne4 Qe7 42.Nd2 Qe6 43.Rc1 c4
44.Nxc4 Rc8 45.Rxe3 dxe3 46.a4 Qd5 47.Kg2 Qc6 48.a5 Qb5 49.Kf1 Bf8 50.Rc2 Bb4
51.Nxe3 Qxe2+ 52.Rxe2 Rc1+ 53.Kg2 Bxa5 54.Nf5 Bxb6 55.Rb2 Bc5 56.Nxh6+ Kg7
57.Nf5+ Kf6 58.Rxb7 Rc2+ 59.Kg3 Bf2+ 60.Kg2 Bc5+  1/2-1/2

[Event "Baunatal op 4th"]
[Site "Baunatal"]
[Date "1998.??.??"]
[Round "7"]
[White "Khurtsilava, Inga"]
[Black "Hankel, Dennis"]
[Result "1-0"]
[WhiteElo "2245"]
[BlackElo "2150"]

1.d4 Nf6 2.Nf3 g6 3.c4 Bg7 4.Nc3 O-O 5.e4 d6 6.Be2 e5 7.O-O Nbd7 8.Be3 Ng4
9.Bg5 f6 10.Bd2 Nh6 11.b4 Nf7 12.c5 f5 13.exf5 gxf5 14.dxe5 dxe5 15.Bc4 h6
16.Qc2 Kh7 17.Rad1 e4 18.Bxf7 Rxf7 19.Ne1 Qh4 20.g3 Qh5 21.Nd5 Bd4 22.Nf4 Bxf2+
23.Kg2 Qg5 24.Kxf2 Ne5 25.Bc3 e3+ 26.Kg1 Ng4 27.Neg2 Qe7 28.Rfe1  1-0

[Event "Landesliga Nord9798"]
[Site "Bayern"]
[Date "1998.??.??"]
[Round "?"]
[White "Vodicka, Vlastimil"]
[Black "Neuman, Petr"]
[Result "1/2-1/2"]
[WhiteElo "2215"]
[BlackElo "2385"]

1.Nf3 Nf6 2.c4 g6 3.Nc3 Bg7 4.e4 d6 5.d4 O-O 6.Be2 e5 7.O-O Nh5 8.Re1 Nf4
9.Bf1 Bg4 10.d5 f5 11.h3 Bh5 12.exf5 gxf5 13.Bxf4 exf4 14.Qd3 Na6 15.Nd4 Nb4
16.Qd2 Bxd4 17.Qxd4 Nc2 18.Qxf4 Nxa1 19.Rxa1 Qe7 20.Nb5 Be8 21.Nd4 Bd7 22.Rd1 Rae8
23.Bd3 Qe5 24.Qh4 Rf7 25.b3 f4 26.Nf3 Qf6 27.Bxh7+ Kg7 28.Qxf6+ Kxf6 29.Bd3 Rg7
30.Kf1 Reg8 31.Ne1 f3 32.gxf3 Re8 33.Be4 Bxh3+ 34.Ke2 Bf5 35.Rd4 Rg1 36.Nc2 Bxe4
37.fxe4 Rb1 38.f3 Rb2 39.Rd2 Rh8 40.Kd3 Rxa2 41.Rd1 a5 42.Rb1 Rh2 43.Nd4 Rhd2+
44.Ke3 Rdb2 45.Rh1 c5 46.dxc6 bxc6 47.Rh6+ Kf7 48.Rxd6 c5 49.Ne6 Rxb3+ 50.Kf4 Rc3
51.Nxc5 Rxc4 52.Nd3 Ke7 53.Ra6 Rc3 54.Ne5 a4 55.Kf5 a3 56.f4 Re2 57.Ng6+ Kd8
58.e5 a2 59.e6 Rc1 60.e7+ Kd7 61.Ra7+ Ke8 62.Ra8+ Kf7  1/2-1/2

[Event "Landesliga Sued9798"]
[Site "Bayern"]
[Date "1998.??.??"]
[Round "?"]
[White "Reilein, Christian"]
[Black "Hock, Martin"]
[Result "1-0"]
[WhiteElo "2265"]
[BlackElo "2135"]

1.d4 Nf6 2.Nf3 g6 3.c4 Bg7 4.Nc3 O-O 5.e4 d6 6.Be2 e5 7.dxe5 dxe5 8.Qxd8 Rxd8
9.Bg5 Re8 10.Nd5 Nxd5 11.cxd5 c6 12.Bc4 cxd5 13.Bxd5 Nc6 14.O-O-O Bg4 15.Kb1 Nd4
16.Nxd4 Bxd1 17.Nb5 Ba4 18.Nc7 Bc6 19.Bxc6 bxc6 20.Rc1 f6 21.Be3 Rec8 22.Nxa8 Rxa8
23.Rxc6 a6 24.g4 h5 25.h3 Kf7 26.Rc7+ Kg8 27.Bc5 hxg4 28.hxg4 Bh6 29.b4 Rd8
30.Rc6 Rd1+ 31.Kc2 Rd2+ 32.Kb3 Rd3+ 33.Ka4 Rf3 34.Rxa6 Bc1 35.Kb5 Kf7 36.Ra7+ Ke6
37.Re7+  1-0

[Event "Landesliga Nord 9899"]
[Site "Bayern"]
[Date "1998.??.??"]
[Round "?"]
[White "Muenster, Erich"]
[Black "Engelmann, Wolfgang"]
[Result "0-1"]
[WhiteElo "2055"]
[BlackElo "2150"]

1.Nf3 Nf6 2.d4 g6 3.c4 Bg7 4.Nc3 O-O 5.e4 d6 6.Be2 e5 7.dxe5 dxe5 8.Qxd8 Rxd8
9.Bg5 Re8 10.Nd5 Nxd5 11.cxd5 c6 12.Bc4 b5 13.Bb3 c5 14.Nd2 c4 15.Bc2 Ba6
16.Be3 Nd7 17.O-O Bf8 18.Rfd1 Rec8 19.a3 Bb7 20.Nb1 a5 21.g3 Ba6 22.Kg2 Rab8
23.Rd2 Nc5 24.Nc3 Nd3 25.Bxd3 cxd3 26.Na2 b4 27.axb4 axb4 28.Rad1 Rc2 29.Rxc2 dxc2
30.Ra1 Bd3 31.Kf3 Ra8 32.Nxb4 Rxa1 33.Nxd3 f5 34.Nc1 Bc5 35.Bd2 Bd4 36.Nb3 Rd1
37.Bc1 Rd3+ 38.Ke2 Rxb3  0-1

[Event "Landesliga Sued9798"]
[Site "Bayern"]
[Date "1998.??.??"]
[Round "?"]
[White "Wild, Rudolf"]
[Black "Wolfsteiner, Helmut"]
[Result "1-0"]
[WhiteElo "2145"]
[BlackElo "2225"]

1.Nf3 Nf6 2.c4 g6 3.d4 Bg7 4.Nc3 O-O 5.e4 d6 6.Be2 e5 7.d5 a5 8.Be3 Na6 9.Nd2 Nd7
10.a3 f5 11.f3 Nf6 12.b4 fxe4 13.Ndxe4 Nxe4 14.Nxe4 Bf5 15.O-O Bxe4 16.fxe4 Qh4
17.Bf3 Bh6 18.Bf2 Qg5 19.Qb3 b6 20.Kh1 axb4 21.axb4 Qd2 22.Rab1 Qg5 23.Rb2 Nb8
24.c5 bxc5 25.bxc5 Nd7 26.c6 Rab8 27.Qc2 Rxb2 28.Qxb2 Nf6 29.Qe2 Qd2 30.Qxd2 Bxd2
31.Kg1 g5 32.g3 Nxd5 33.Bg4 Ne7 34.Bd7 Rf3 35.Ra1 Rc3 36.Ra6 Kg7 37.Kf1 Kf6
38.Ke2 Bc1 39.Ba7 d5 40.exd5 Nxd5 41.Ra5 Ra3 42.Rxd5 Rxa7 43.Rd1 Ra2+ 44.Kd3 Ba3
45.Rf1+ Kg6 46.h3 Bd6 47.Ke4 Ra4+ 48.Kd5 Ra3 49.Rg1 Rd3+ 50.Ke4 Rd4+ 51.Kf3 e4+
52.Ke2 Rb4 53.g4 h6 54.Ra1 Kf6 55.Ra5 Bf4 56.Bf5 Rb2+ 57.Kf1 e3 58.Bd3 Rh2
59.Be2 Ke6 60.Rf5 Rh1+ 61.Kg2 Rc1 62.h4 Rxc6 63.h5 Ke7 64.Ra5 Rf6 65.Bd3 Rd6
66.Ra3 Kf6 67.Kf3 Ke5 68.Be2 c5 69.Ra4 Kd5 70.Bc4+ Ke5 71.Be2 Rc6 72.Re4+ Kf6
73.Bc4 Rd6 74.Re8 Rd4 75.Re6+ Kg7 76.Re7+ Kf8 77.Re4 Rd1 78.Re6 Rg1 79.Rf6+ Ke7
80.Re6+ Kd7 81.Rxh6 Rg3+ 82.Ke2 Rg2+ 83.Kd3 Rd2+ 84.Kc3 Be5+ 85.Kb3 e2 86.Rh7+ Kd8
87.Bxe2 Rxe2 88.Kc4 Rg2 89.Kxc5 Rxg4 90.Kd5 Bc3 91.h6 Rf4 92.Ra7 g4 93.h7 Rd4+
94.Ke6 Ke8 95.h8=Q+  1-0

[Event "Landesliga Sued9798"]
[Site "Bayern"]
[Date "1998.??.??"]
[Round "?"]
[White "Sailer, Wolfgang"]
[Black "Reisinger, Markus"]
[Result "1/2-1/2"]
[WhiteElo "2175"]
[BlackElo "1950"]

1.d4 Nf6 2.Nf3 g6 3.c4 Bg7 4.Nc3 O-O 5.e4 d6 6.Be2 e5 7.dxe5 dxe5 8.Qxd8 Rxd8
9.Bg5 Rf8 10.Nd5 Nxd5 11.cxd5 c6 12.Bc4 b5 13.Bb3 Bb7 14.Rc1 Rc8 15.Be3 a5
16.a3 a4 17.Ba2 b4 18.axb4 a3 19.bxa3 Rxa3 20.dxc6 Nxc6 21.Bd5 Nxb4 22.Bxb7 Rxe3+
23.Kd2 Rd3+ 24.Ke2 Rcc3 25.Rxc3 Rxc3 26.Rb1 Rc2+ 27.Kd1 Rc4 28.Ra1 Rc7 29.Ra8+ Bf8
30.Rb8 f6 31.g3 Kg7 32.Ba8 Rd7+ 33.Ke2 Na6 34.Rb6 Nc7 35.Bc6 Rf7 36.Nd2 Bc5
37.Rb7 Ne6 38.Rxf7+ Kxf7 39.Bd5 Ke7 40.Bxe6 Kxe6 41.f3 Ba7 42.Kd3 Kd7 43.Kc4 Kc6
44.Nb1 Bd4 45.Na3 Bg1 46.h3 f5 47.exf5 gxf5 48.g4 fxg4 49.hxg4 Kd6 50.Nb5+ Ke6
51.Nc3 Kf6 52.Ne4+ Kg6 53.Ng3 Bd4 54.Kd5 Bb2 55.Ke4 Ba1 56.Nh5 Bb2 57.Kd5 Bc3
58.Ng3 Bd4 59.Ke4 Ba1 60.Nf1 h5  1/2-1/2

[Event "Landesliga Nord 9899"]
[Site "Bayern"]
[Date "1998.??.??"]
[Round "?"]
[White "Muenster, Erich"]
[Black "Reinhart, Harald"]
[Result "0-1"]
[WhiteElo "2055"]
[BlackElo "2170"]

1.c4 Nf6 2.Nc3 g6 3.e4 d6 4.d4 Bg7 5.Nf3 O-O 6.Be2 Nbd7 7.O-O e5 8.d5 Nc5
9.Qc2 a5 10.Nd2 Bd7 11.Nb3 b6 12.Nxc5 bxc5 13.f3 Nh5 14.Be3 Nf4 15.Rf2 f5
16.Bf1 Qe7 17.Kh1 Nh5 18.Re2 f4 19.Bf2 g5 20.Nb5 g4 21.Be1 Rac8 22.Qc3 Rf6
23.Qxa5 Rh6 24.Kg1 Rg6 25.Kh1 Qg5 26.Rf2 Ng3+ 27.Kg1 Qh4 28.hxg3 fxg3 29.Bd3 Qh2+
30.Kf1 gxf2 31.Bxf2 gxf3 32.gxf3 Qh1+ 33.Ke2 Qxa1 34.Nxc7 Rg2  0-1

[Event "Oberliga Bayern9798"]
[Site "Bayern"]
[Date "1998.??.??"]
[Round "?"]
[White "Arbakov, Valentin"]
[Black "Gruenberg, Hans Ulrich"]
[Result "1/2-1/2"]
[WhiteElo "2495"]
[BlackElo "2425"]

1.d4 Nf6 2.c4 g6 3.Nc3 Bg7 4.e4 d6 5.Nf3 O-O 6.Be2 e5 7.d5 Nbd7 8.Bg5 h6
9.Bd2 Nc5 10.Qc2 Nfxe4 11.Nxe4 Bf5 12.Bd3 Bxe4 13.Bxe4 f5 14.Bd3 Nxd3+ 15.Qxd3 e4
16.Qb3 exf3 17.gxf3 Re8+ 18.Kf1 Qh4 19.h3 b6 20.Rb1 Re7 21.Qd3 Rae8 22.b3 a5
23.Re1 Bd4 24.Rh2 Rxe1+ 25.Bxe1 Kf7 26.Bd2 Bc5 27.a4 Bd4 28.Bc1 Re7 29.Qd2 Bg7
30.Qd3 Qf6 31.Rh1 f4 32.Rg1 g5 33.Bd2 Qd4 34.Qc2 Qb2 35.Qd3 Qd4 36.Qc2 Qb2  1/2-1/2

[Event "Regionalliga SO9798"]
[Site "Bayern"]
[Date "1998.??.??"]
[Round "?"]
[White "Riehl, Joerg"]
[Black "Peter, Christian"]
[Result "0-1"]
[WhiteElo "2010"]
[BlackElo "2050"]

1.Nf3 Nf6 2.d4 g6 3.c4 Bg7 4.Nc3 O-O 5.e4 d6 6.Be2 e5 7.Be3 Ng4 8.Bg5 f6
9.Bh4 g5 10.Bg3 Nh6 11.Qd2 Nf7 12.dxe5 fxe5 13.h4 g4 14.Nh2 h5 15.f3 Bh6
16.Qd1 Bf4 17.Nf1 c6 18.Bf2 Qf6 19.fxg4 Nh6 20.g5 Bxg5 21.Bf3 Bf4 22.Bxh5 Na6
23.g3 Bc1 24.Qxc1 Qxf2+ 25.Kd1 Qxf1+ 26.Rxf1 Rxf1+ 27.Kd2 Rxc1 28.Rxc1 Bg4
29.Bxg4 Nxg4 30.Rf1 Rf8 31.Rf5 Nh6 32.Rg5+ Kh7 33.Ke2 Nc5 34.Rh5 Ne6  0-1

[Event "Landesliga Nord9798"]
[Site "Bayern"]
[Date "1998.??.??"]
[Round "?"]
[White "Muenster, Erich"]
[Black "Saathoff, Richard"]
[Result "1/2-1/2"]
[WhiteElo "2075"]
[BlackElo "2160"]

1.d4 Nf6 2.Nf3 g6 3.c4 Bg7 4.Nc3 O-O 5.e4 d6 6.Be2 e5 7.dxe5 dxe5 8.Qxd8 Rxd8
9.Bg5 c6 10.O-O Re8 11.Rad1 h6 12.Be3 Nbd7 13.h3 Nf8 14.Rd6 Ne6 15.Rfd1 Bf8
16.R6d2 Nc5 17.Rd8 Be6 18.Rxa8 Rxa8 19.Nxe5 Nfxe4 20.Nxe4 Nxe4 21.Nf3  1/2-1/2

[Event "Regionalliga NO9798"]
[Site "Bayern"]
[Date "1998.??.??"]
[Round "?"]
[White "Ponnath, Lorenz"]
[Black "Fischer, Markus2"]
[Result "1-0"]
[WhiteElo "2035"]
[BlackElo "2170"]

1.d4 Nf6 2.c4 g6 3.Nc3 Bg7 4.e4 d6 5.Nf3 O-O 6.Be2 e5 7.d5 a5 8.Bg5 h6 9.Bh4 Na6
10.Nd2 c6 11.O-O Bd7 12.b3 Qe8 13.Re1 cxd5 14.Bxf6 Bxf6 15.Nxd5 Bd8 16.Nf1 Nc5
17.Bg4 Bc6 18.Rc1 Ne6 19.Nfe3 Nd4 20.Rc3 Kg7 21.Rd3 Rb8 22.f4 Ne6 23.f5 Nc5
24.f6+ Kh7 25.Nf5 Nxd3 26.Qxd3 Bxd5 27.Qh3 Bxf6 28.Qxh6+ Kg8 29.Re3 Qd8 30.Rh3 Re8
31.Qh7+ Kf8 32.Qh8+ Bxh8 33.Rxh8+  1-0

[Event "Oberliga Bayern9798"]
[Site "Bayern"]
[Date "1998.??.??"]
[Round "?"]
[White "Lichtenstern, Christoph"]
[Black "Hackenberg, Andreas"]
[Result "0-1"]
[WhiteElo "2160"]
[BlackElo "2170"]

1.d4 Nf6 2.Nf3 g6 3.c4 Bg7 4.Nc3 O-O 5.e4 d6 6.Be2 e5 7.dxe5 dxe5 8.Qc2 Re8
9.O-O c6 10.h3 Qc7 11.Be3 Nbd7 12.Rfd1 Nf8 13.Ng5 Ne6 14.Nxe6 Bxe6 15.Rd2 Nd7
16.Rad1 Nb6 17.b3 Bf8 18.c5 Nd7 19.Na4 Be7 20.Nb2 Rad8 21.Qc3 Nf8 22.Nc4 Rxd2
23.Rxd2 Bxc4 24.Bxc4 Rd8 25.b4 Rxd2 26.Qxd2 Qd7 27.Qc3 Bf6 28.Qb3 a6 29.a4 Kg7
30.Kf1 h6 31.Ke2 Bg5 32.b5 axb5 33.axb5 Bxe3 34.fxe3 cxb5 35.Bxb5 Qc7 36.Bc4 Nd7
37.Bxf7 Nxc5 38.Qc4 Na6 39.Bd5 Qxc4+ 40.Bxc4 Nc7 41.Bd5 b6 42.Kd2 Kf6 43.Bb3 Ke7
44.h4 Kd6 45.Bf7 g5 46.hxg5 hxg5 47.Bb3 Kc5 48.Bf7 Nb5 49.Ke2 Nd6 50.Bd5 Ne8
51.Kd2 Nf6 52.Bb7 b5 53.Kc3 Ne8 54.Kd2 Kb4 55.Bc8 Nf6 56.Kd3 Ka3 57.Kc2 Nxe4
58.Be6 Nc5 59.Bg4 b4 60.Bd1 e4 61.Kb1 b3 62.Kc1 Ka2 63.Kd2 b2 64.Bc2 b1=Q
65.Bxb1+ Kxb1 66.Kc3 Kc1 67.Kd4 Kd2  0-1

[Event "Landesliga Sued 9899"]
[Site "Bayern"]
[Date "1998.??.??"]
[Round "?"]
[White "Nussbaecher, Andreas"]
[Black "Ager, Josef"]
[Result "1/2-1/2"]
[WhiteElo "2140"]
[BlackElo "2270"]

1.d4 Nf6 2.c4 g6 3.Nc3 Bg7 4.e4 d6 5.Nf3 O-O 6.Be2 e5 7.dxe5 dxe5 8.Qxd8 Rxd8
9.Bg5 Re8 10.O-O-O Bg4 11.Nd2 Bxe2 12.Nxe2 Nc6 13.f3 Nd7 14.Nc3 Nd4 15.Nb5 Ne6
16.Be3 a6 17.Nc3 Ndc5 18.Bxc5 Nxc5 19.Nb3 Nxb3+ 20.axb3 Rad8 21.Rxd8 Rxd8
22.Rd1 Rxd1+ 23.Kxd1 c6 24.Na4 Bf8 25.c5 Be7 26.Kd2 Kf8 27.Kc3 Ke8 28.b4 Bd8
29.b3 Kd7 30.Nb2 Ke6 31.Nc4 f5 32.Kd3 h5 33.g3 Bc7 34.h3 Bd8 35.Ke3 h4 36.g4  1/2-1/2

[Event "Regionalliga NW9899"]
[Site "Bayern"]
[Date "1998.??.??"]
[Round "?"]
[White "Neubert, Marcus"]
[Black "Kraus, Josef"]
[Result "0-1"]
[WhiteElo "2060"]
[BlackElo "2030"]

1.d4 Nf6 2.Nf3 g6 3.c4 Bg7 4.Nc3 O-O 5.e4 d6 6.Be2 e5 7.d5 c6 8.Bg5 h6 9.Bh4 g5
10.Bg3 cxd5 11.cxd5 Nbd7 12.Nd2 a6 13.O-O b5 14.b4 Qb6 15.Nb3 Bb7 16.Rc1 Rac8
17.Qd3 Rc4 18.a3 Rfc8 19.Nd2 R4c7 20.Kh1 Qd4 21.Qxd4 exd4 22.Na2 Rc2  0-1

[Event "Regionalliga SO9798"]
[Site "Bayern"]
[Date "1998.??.??"]
[Round "?"]
[White "Neuwirth, Markus"]
[Black "Unterreitmeier, Reinhold"]
[Result "1/2-1/2"]
[WhiteElo "1705"]
[BlackElo "1855"]

1.d4 Nf6 2.c4 g6 3.Nc3 Bg7 4.e4 d6 5.Be2 O-O 6.Nf3 Nbd7 7.O-O e5 8.d5 a5
9.Bg5 Nc5 10.Nd2 h6 11.Bh4 g5 12.Bg3 Nh7 13.Bg4 f5 14.Bxf5 Bxf5 15.exf5 Rxf5
16.Nde4 Nxe4 17.Nxe4 Qe7 18.Rc1 b6 19.Re1 Raf8 20.a3 Nf6 21.b4 axb4 22.axb4 Qf7
23.f3 h5 24.h3 Bh6 25.c5 g4 26.hxg4 hxg4 27.fxg4 Nxe4 28.Rxe4 Bxc1 29.gxf5 Qxf5
30.Qg4+ Qxg4 31.Rxg4+ Kh7 32.cxd6 Be3+ 33.Kh2 cxd6 34.Rc4 Kg6 35.Bh4 Rf4
36.Rxf4 Bxf4+ 37.Bg3 Bd2 38.Bf2 Bxb4 39.Bxb6 Kf5 40.Kh3 Ke4 41.g4 Kxd5 42.g5 Ke6
43.Kg4 Bc3 44.Be3 d5 45.g6 Kf6 46.Kh5 Kg7 47.Kg5 e4 48.Kf5 Be1 49.Bd4+ Kg8  1/2-1/2

[Event "Regionalliga SW9798"]
[Site "Bayern"]
[Date "1998.??.??"]
[Round "?"]
[White "Mueller, Marcus2"]
[Black "Muench, Klaus Norbert"]
[Result "0-1"]
[WhiteElo "2120"]
[BlackElo "2030"]

1.Nf3 Nf6 2.c4 g6 3.Nc3 Bg7 4.e4 d6 5.d4 O-O 6.Be2 e5 7.d5 c5 8.dxc6 bxc6
9.O-O Bb7 10.Qb3 Qc7 11.Bg5 Nbd7 12.Rfd1 Nc5 13.Qc2 Ne6 14.Bh4 Rad8 15.Qd2 Rd7
16.Rac1 Ne8 17.Bg3 Re7 18.Nd5 cxd5 19.cxd5 Nc5 20.b4 Nxe4 21.Rxc7 Rxc7 22.Qe1 Nc3
23.Rd2 Nf6 24.Bd1 Bh6 25.Rc2 Rfc8 26.Nd2 Nfxd5 27.a3 Ba6 28.Nb3 Bd3 29.Rxc3 Nxc3
30.Bg4 f5 31.Bf3 Ne4 32.Bxe4 fxe4 33.f4 exf3 34.Kf2 Rc1  0-1

[Event "Bechhofen opJ "]
[Site "Bechhofen"]
[Date "1998.??.??"]
[Round "?"]
[White "Bromberger, Stefan"]
[Black "Podzielny, Karl Heinz"]
[Result "1-0"]
[WhiteElo "2320"]
[BlackElo "2495"]

1.d4 Nf6 2.c4 g6 3.Nc3 Bg7 4.e4 d6 5.Nf3 O-O 6.Be2 Na6 7.O-O e5 8.Re1 Qe8
9.Bf1 Bg4 10.d5 Nb4 11.Be2 a5 12.Be3 Bd7 13.Nd2 h5 14.c5 Ng4 15.Bxg4 hxg4
16.Nc4 f5 17.cxd6 f4 18.Bc5 b6 19.dxc7 bxc5 20.a3 Na6 21.d6 Be6 22.Nb6 Qc6
23.Ncd5 Kf7 24.Nxa8 Rxa8 25.Ne7 Qb6 26.c8=Q Bxc8 27.Qd5+ Be6 28.Qxa8  1-0

[Event "Bechhofen opJ "]
[Site "Bechhofen"]
[Date "1998.??.??"]
[Round "?"]
[White "Bromberger, Stefan"]
[Black "Rupprecht, Andreas"]
[Result "1-0"]
[WhiteElo "2280"]
[BlackElo "2205"]

1.d4 Nf6 2.c4 g6 3.Nc3 Bg7 4.e4 O-O 5.Nf3 d6 6.Be2 e5 7.O-O exd4 8.Nxd4 Re8
9.f3 Nc6 10.Be3 Nh5 11.Qd2 Nf4 12.Rfd1 Ne6 13.Nxc6 bxc6 14.c5 dxc5 15.Qxd8 Rxd8
16.Rxd8+ Nxd8 17.Na4 Ne6 18.Rc1 a5 19.b3 Ba6 20.Bxa6 Rxa6 21.Nxc5 Nxc5 22.Rxc5 a4
23.b4 Rb6 24.Ra5 Rb8 25.Rxa4 f5 26.exf5 gxf5 27.Bc5 Be5 28.g3 f4 29.Kg2 Rd8
30.Ra6 Rd2+ 31.Kh3 fxg3 32.hxg3 Rd3 33.Kg4 h5+ 34.Kf5 Bxg3 35.Kg6 Rd8 36.Kxh5 Kf7
37.Kg4 Bd6 38.Rxc6 Ra8 39.Bxd6 cxd6 40.Rc2 Ke6 41.Rb2 Kd5 42.b5 Kc4 43.b6 Kc3
44.Rb3+ Kc4 45.b7 Rb8 46.Kf4  1-0

[Event "Beersheba"]
[Site "Beersheba"]
[Date "1998.??.??"]
[Round "1"]
[White "Rapoport, Evgeny"]
[Black "Lederer, Yoav"]
[Result "1/2-1/2"]
[WhiteElo "2280"]
[BlackElo "2270"]

1.d4 Nf6 2.c4 g6 3.Nc3 Bg7 4.e4 d6 5.Nf3 O-O 6.Be2 e5 7.O-O Na6 8.Re1 c6
9.dxe5 dxe5 10.Qxd8 Rxd8 11.Nxe5 Nc5 12.Bf1 Re8 13.f4 Nh5 14.g3 Bxe5 15.fxe5 Nd7
16.e6 Rxe6 17.Rd1 Re8 18.b3 Ne5 19.Be2 Ng7 20.Bb2 Bh3 21.Rd2 Ne6 22.Kh1 Ng5
23.Bf1 Rad8 24.Rxd8 Rxd8 25.Bxh3 Nxh3 26.Bc1 g5 27.Kg2 g4 28.Bf4 Nxf4+ 29.gxf4 Rd2+
30.Kg3 Rd3+ 31.Kg2 Ng6 32.Ne2 Re3 33.Kf2 Rf3+ 34.Kg2 Re3 35.Kf2 Rxe4 36.Rd1 f5
37.Rd8+ Kf7 38.Rd7+ Re7 39.Rd6 h5 40.Ng3 Nxf4 41.Nxf5 Re5 42.Nh4 Ke7 43.Rh6 Nd3+
44.Kg1 Re1+ 45.Kg2 Kd7 46.Nf5 Nf4+ 47.Kf2 Ra1 48.Ke3 Ng2+ 49.Ke4 Re1+ 50.Kd4 c5+
51.Kc3 Nf4 52.Ng3 Re5 53.a3 a5 54.b4 axb4+ 55.axb4 Re3+ 56.Kb2 Nd3+ 57.Kb3 Nxb4+
58.Ka4 Na2 59.Kb5 Re5 60.Nxh5 Nc3+  1/2-1/2

[Event "Beersheba-St Petersburg"]
[Site "Beersheba"]
[Date "1998.??.??"]
[Round "8"]
[White "Loginov, Valery A"]
[Black "Golod, Vitali"]
[Result "1/2-1/2"]
[WhiteElo "2500"]
[BlackElo "2535"]

1.Nf3 Nf6 2.c4 g6 3.Nc3 Bg7 4.e4 d6 5.d4 O-O 6.Be2 e5 7.O-O Na6 8.d5 Nc5
9.Bg5 h6 10.Bxf6 Qxf6 11.b4 Nd7 12.Rc1 Qd8 13.g3 a6 14.Nh4 h5 15.Kg2 Qe7
16.Rc2 Nf6 17.Bd3 Bd7 18.Qe2 Ng4  1/2-1/2

[Event "Beersheba-St Petersburg"]
[Site "Beersheba"]
[Date "1998.??.??"]
[Round "10"]
[White "Loginov, Valery A"]
[Black "Tseitlin, Mark D"]
[Result "1/2-1/2"]
[WhiteElo "2500"]
[BlackElo "2515"]

1.Nf3 Nf6 2.c4 g6 3.Nc3 Bg7 4.e4 d6 5.d4 O-O 6.Be2 e5 7.d5 Na6 8.Bg5 h6 9.Bh4 Bd7
10.Nd2 Qe8 11.O-O Nh7 12.a3 h5 13.f3 Nc5 14.Nb5 Bxb5 15.cxb5 Bh6 16.Nc4 f5
17.b4 Nd7 18.exf5 gxf5 19.f4 exf4 20.Bxh5 Qe4 21.Nd2 Qxd5 22.Bf3 Qxb5 23.Qb3+ Kh8
24.a4 Qe5 25.Rae1 Qd4+ 26.Bf2 Qg7 27.Bxb7 Rab8 28.Bd5 a5 29.b5 Nb6 30.Nf3 Ng5
31.Nxg5 Bxg5 32.Bc6 Bf6 33.Bxb6 cxb6 34.Rxf4 Bg5 35.Rf3 Qd4+ 36.Kh1 Rf6 37.Rh3+ Rh6
38.Rxh6+ Bxh6 39.Qe6 Qd2 40.Qf6+ Bg7 41.Qh4+ Qh6 42.Qxh6+ Bxh6 43.Re6 Kg7
44.Rxd6 Bf4 45.Rd7+ Kf6 46.g3 Be5 47.Kg2 Rg8 48.Rb7 Rb8 49.Rd7 Rg8 50.Bd5 Rg7
51.Rd8 f4 52.Rf8+ Ke7 53.Rg8 Rxg8 54.Bxg8 fxg3 55.hxg3  1/2-1/2

[Event "Beersheba-St Petersburg"]
[Site "Beersheba"]
[Date "1998.??.??"]
[Round "11"]
[White "Huzman, Alexander"]
[Black "Sakaev, Konstantin"]
[Result "1/2-1/2"]
[WhiteElo "2610"]
[BlackElo "2620"]

1.d4 Nf6 2.c4 g6 3.Nc3 Bg7 4.e4 d6 5.Be2 O-O 6.Nf3 e5 7.O-O exd4 8.Nxd4 Re8
9.f3 c6 10.Kh1 a6 11.Nc2 Be6  1/2-1/2

[Event "Beersheba-St Petersburg"]
[Site "Beersheba"]
[Date "1998.??.??"]
[Round "12"]
[White "Lugovoi, Aleksei"]
[Black "Avrukh, Boris"]
[Result "1-0"]
[WhiteElo "2540"]
[BlackElo "2525"]

1.Nf3 Nf6 2.c4 g6 3.Nc3 Bg7 4.e4 d6 5.d4 O-O 6.Be2 e5 7.d5 a5 8.Bg5 h6 9.Bh4 Na6
10.Nd2 Bd7 11.O-O Qe8 12.a3 Nh7 13.Nb5 h5 14.f3 Bh6 15.Rb1 Bg5 16.Bf2 Qe7
17.b4 axb4 18.axb4 h4 19.Qe1 f5 20.c5 h3 21.g3 Bxd2 22.Qxd2 fxe4 23.fxe4 Bxb5
24.Bxb5 Ng5 25.Qe2 dxc5 26.Bxa6 Rxa6 27.Bxc5 Rxf1+ 28.Rxf1 Qd7 29.Qf2 Nh7
30.Qb2 Qe8 31.Qb3 Kg7 32.g4 b6 33.Bf2 Qd7 34.Qxh3 Nf6 35.Bg3 Nxg4 36.Qh4 Ra8
37.h3 Nh6 38.Bxe5+ Kh7 39.Bf4 g5 40.Bxg5 Qg7 41.Rf6  1-0

[Event "Berliner Sommer 16th"]
[Site "Berlin"]
[Date "1998.??.??"]
[Round "2"]
[White "Ahlander, Bjorn"]
[Black "Jenull, Marco"]
[Result "1-0"]
[WhiteElo "2410"]
[BlackElo "2190"]

1.d4 Nf6 2.c4 g6 3.Nc3 Bg7 4.e4 d6 5.Be2 O-O 6.Nf3 e5 7.O-O Nbd7 8.d5 Nc5
9.Qc2 a5 10.Bg5 h6 11.Be3 Ng4 12.Bxc5 dxc5 13.h3 Nf6 14.Nxe5 Nxd5 15.cxd5 Bxe5
16.f4 Bd4+ 17.Kh1 c6 18.dxc6 bxc6 19.Bc4 Qh4 20.Qd3 g5 21.fxg5 hxg5 22.e5 Qh5
23.Ne4 Bxe5 24.Nf6+ Bxf6 25.Rxf6 Qh7 26.Rg6+ Kh8 27.Qc3+ f6 28.Rxf6 Rxf6
29.Qxf6+ Qg7 30.Qd8+ Kh7 31.Re1  1-0

[Event "Berliner Sommer 16th"]
[Site "Berlin"]
[Date "1998.??.??"]
[Round "4"]
[White "Kunze, Carlo"]
[Black "Roos, Michael"]
[Result "1-0"]
[WhiteElo "2355"]
[BlackElo "2150"]

1.d4 Nf6 2.c4 g6 3.Nc3 Bg7 4.e4 d6 5.Nf3 O-O 6.Be2 e5 7.d5 a5 8.Bg5 h6 9.Bh4 Na6
10.Nd2 Qe8 11.O-O Bd7 12.b3 Nh7 13.a3 h5 14.f3 Bh6 15.Bf2 Qe7 16.Re1 h4 17.Bf1 Qg5
18.Ra2 Qh5 19.Rb2 f5 20.b4 axb4 21.axb4 h3 22.g3 Bxd2 23.Rxd2 Ng5 24.Be2 fxe4
25.f4 Nf3+ 26.Bxf3 exf3 27.fxe5 dxe5 28.b5 Nb8 29.c5 Kh8 30.Rxe5  1-0

[Event "Berliner Sommer 16th"]
[Site "Berlin"]
[Date "1998.??.??"]
[Round "5"]
[White "Schian, Thomas"]
[Black "Purtov, Andrei"]
[Result "0-1"]
[WhiteElo "2300"]
[BlackElo "2445"]

1.c4 g6 2.Nc3 Bg7 3.d4 Nf6 4.e4 d6 5.Nf3 O-O 6.Be2 e5 7.dxe5 dxe5 8.Qxd8 Rxd8
9.Bg5 Nbd7 10.O-O-O Rf8 11.Nd2 c6 12.b4 h6 13.Be3 Nb8 14.f3 Na6 15.a3 Nc7
16.Bc5 Rd8 17.Nb3 Rxd1+ 18.Rxd1 Ne6 19.Be7 Ne8 20.c5 Bf6 21.Bxf6 Nxf6 22.Nd2 Ne8
23.Nc4 f6 24.Na5 Kf8 25.Bc4 N8c7 26.Rd6 Ke7 27.Bxe6 Nxe6 28.Ne2 Nd8 29.Kd2 Be6
30.Kc3 Rb8 31.Rd2 Rc8 32.Nc4 Bxc4 33.Kxc4 Ne6 34.g3 h5 35.f4 h4 36.Rd3 Rh8
37.f5 gxf5 38.exf5 hxg3 39.hxg3 Ng7 40.Rf3 Rh5 41.b5 Rxf5 42.bxc6 bxc6 43.Rb3 Ke6
44.Rb7 Rg5 45.Rxa7 Rg4+ 46.Kd3 Kd5 47.Ra5 Nf5 48.a4 e4+ 49.Kc3 Nxg3 50.Nd4 Rh4
51.Nc2 Ne2+ 52.Kd2 Nd4 53.Ne3+ Ke5 54.Ra8 Rh2+ 55.Kd1 Kf4 56.Nf1 Ra2  0-1

[Event "Berliner Sommer 16th"]
[Site "Berlin"]
[Date "1998.??.??"]
[Round "6"]
[White "Timoshenko, Georgy"]
[Black "Grigore, George"]
[Result "1/2-1/2"]
[WhiteElo "2595"]
[BlackElo "2475"]

1.d4 Nf6 2.c4 g6 3.Nc3 Bg7 4.e4 d6 5.Be2 O-O 6.Nf3 Na6 7.O-O e5 8.Re1 Qe8
9.Bf1 Bg4 10.Be3 Bxf3 11.Qxf3 Ng4 12.d5 Nxe3 13.Qxe3 c5 14.a3 f5 15.Rab1 Qd7
16.Qh3 Rf7 17.b4 Bf6 18.Bd3 Bg5 19.Re2 Raf8 20.Bc2 Qc7 21.exf5 gxf5 22.Qh5 Bd8
23.b5 Nb8 24.b6 axb6 25.Kh1 Qd7 26.f4 e4 27.g4 Bf6 28.Nb5 Bg7 29.Rf1 Nc6
30.gxf5 Rxf5 31.Qg4 Ne5 32.Qg3 Nxc4 33.a4 Rh5 34.Bxe4 Qh3 35.Kg1 Kh8 36.Bg2 Qf5
37.Kh1 Bf6 38.Qb3 Na5 39.Ra2 c4 40.Nxd6 Qd7 41.Nxc4 Nxc4 42.Qxc4 Rh4 43.Qe4 Rh6
44.Qb4 Qg7 45.d6 Bd4 46.d7 Rg8 47.Qc4 Rxh2+ 48.Kxh2 Qg3+ 49.Kh1 Qh4+ 50.Bh3 Qxh3+
51.Rh2 Rg1+ 52.Rxg1 Qf3+ 53.Rhg2 Qh3+ 54.Rh2  1/2-1/2